| 000 | 00824nas a2200265 4500 | ||
|---|---|---|---|
| 001 | BR0204927 | ||
| 003 | BR-BrBNA | ||
| 005 | 20231205103255.0 | ||
| 007 | ta | ||
| 008 | 230509b bl.|||p| |||| 00| 00por d | ||
| 040 |
_aBR-BrBNA _bpor _cBiblioteca Nacional de Agricultura |
||
| 041 | _a(Pt) | ||
| 072 | _aF04; F06 | ||
| 100 | 1 | _aSilva, P.S.L. e | |
| 100 | 1 | _aSilva, P.I.B. e | |
| 245 | 1 | _aEfeitos de épocas de aplicação de nitrogênio no rendimento de grãos do milho | |
| 650 | _aMILHO | ||
| 650 | _aFERTILIZANTE NITROGENADO | ||
| 650 | _aADUBAÇÃO | ||
| 650 | _aIRRIGAÇÃO POR ASPERSÃO | ||
| 650 | _aRENDIMENTO | ||
| 773 | 0 |
_tPesquisa Agropecuária Brasileira (Brazil) _xISSN 0100-204X _g(Aug 2002), v. 37(8) p. 1057-1064 _wBR0204927 |
|
| 909 |
_a202311 _bLúcia _c55 _dLúcia Elande |
||
| 942 |
_2AGRIS _n0 _cANA |
||
| 999 |
_c172009 _d172009 |
||